Introducción al Derecho y Derecho Civil Patrimonial / (Record no. 172497)

MARC details
000 -LEADER
campo de control de longitud fija 00805nam a2200241 i 4500
001 - NÚMERO DE CONTROL
campo de control 172497
003 - IDENTIFICADOR DE NÚMERO DE CONTROL
campo de control ES-MaACL
005 - FECHA Y HORA DE LA ÚLTIMA TRANSACCIÓN
campo de control 20250808084938.0
008 - DATOS DE LONGITUD FIJA--INFORMACIÓN GENERAL
campo de control de longitud fija 090713s1992 sp |||| | spa d
017 ## - NÚMERO DE COPYRIGHT O DE DEPÓSITO LEGAL
Número de copyright o de depósito legal M 40362-1992
020 ## - NÚMERO INTERNACIONAL ESTÁNDAR DEL LIBRO
Número Internacional Estándar del Libro 84-8004-061-0
080 ## - NÚMERO DE LA CLASIFICACIÓN DECIMAL UNIVERSAL
Número de la Clasificación Decimal Universal 347(460)(075.8)
100 0# - ENTRADA PRINCIPAL--NOMBRE DE PERSONA
Nombre de persona O'Callaghan Muñoz, Xavier.
9 (RLIN) 86296
245 10 - MENCIÓN DEL TÍTULO
Título Introducción al Derecho y Derecho Civil Patrimonial /
Mención de responsabilidad, etc. Xavier O'Callaghan Muñoz, Antonio Pedreira.
260 ## - PUBLICACIÓN, DISTRIBUCIÓN, ETC.
Lugar de publicación, distribución, etc. Madrid :
Nombre del editor, distribuidor, etc. Centro de Estudios Ramón Areces,
Fecha de publicación, distribución, etc. [1992]
300 ## - DESCRIPCIÓN FÍSICA
Extensión 2 v. ;
Dimensiones 21 cm.
490 1# - MENCIÓN DE SERIE
Mención de serie Colección Ceura
650 04 - PUNTO DE ACCESO ADICIONAL DE MATERIA--TÉRMINO DE MATERIA
Término de materia o nombre geográfico como elemento de entrada Derecho civil-
Subdivisión geográfica España
9 (RLIN) 11659
700 1# - ENTRADA AGREGADA--NOMBRE PERSONAL
Nombre de persona Pedreira Andrade, Antonio.
9 (RLIN) 141040
830 0# - PUNTO DE ACCESO ADICIONAL DE SERIE-TÍTULO UNIFORME
Título uniforme Colección Ceura
9 (RLIN) 223343
852 ## - LOCALIZACIÓN
Ubicación ES-MaACL
Número de control de estantería E-12814-15
itemnumber R.143576
Holdings
Estatus retirado Estado de pérdida Estado de daño No para préstamo Biblioteca de origen Biblioteca actual Ubicación en estantería Fecha de adquisición Fuente de adquisición Total de préstamos Signatura topográfica completa Código de barras Visto por última vez Precio de reemplazo Tipo de ítem Koha
        Biblioteca del Ateneo de Madrid Biblioteca del Ateneo de Madrid Depósito 2 13/07/2009     E-12814-15 1181023 23/02/2023 23/02/2023 Libro impreso